The Prince and the pauper
| Main Author: | |
|---|---|
| Format: | Book |
| Published: |
Kuala Lumpur :
System Publishing Sdn Bhd ,
1994
|
| Series: | System's readers
|
| Subjects: |
MARC
| LEADER | 00000cam a2200000 7i4500 | ||
|---|---|---|---|
| 001 | 0000008212 | ||
| 002 | 000008955 | ||
| 005 | 20071129.0 | ||
| 020 | |a 9839024019 | ||
| 090 | 0 | 0 | |a JF |b SIE |
| 100 | 1 | |a Siew, Catherine | |
| 245 | 1 | 4 | |a The Prince and the pauper |c Catherine Siew |
| 260 | |a Kuala Lumpur : |b System Publishing Sdn Bhd , |c 1994 | ||
| 300 | |a 88p. : |b ill. ; |c 17cm. | ||
| 490 | 0 | |a System's readers | |
| 650 | 0 | 0 | |a Children's stories |
| 999 | |a 048193 |b BUKU |c PINJAMAN |e PERPUSTAKAAN KOMUNITI PETALING JAYA | ||